000
00330nam a2200133Ia 4500
008
240624s9999 xx 000 0 und d
041
_a
eng
082
_a
658.314 BYR
100
_a
BYRNE RHONDA
245
_a
SECRET DAILY TEACHINGS
260
_c
2013
_a
New Delhi
_b
Simon And Schuster India
300
_a
368 : p.
365
_c
RS
_b
25
999
_c
22331
_d
22331